000 01184nam a2200337Ia 4500
001 Z_6656
003 CHAP
005 20231017151755.0
008 220113s2012 xx 000 0 und d
010 _a169928
040 _cCHAP
090 _aTesis T67 2363
100 _aTorres Bribiesca, Jorge
_9114060
245 _aRendimiento de forraje de cinco variedades de alfalfa (Medicago sativa L.) /
_cJorge Torres Bribiesca
260 _aMéxico :
_bEl autor,
_c2012
300 _aCD
502 _aTesis ( Ingeniero Agrónomo Especialista en Zootecnia) -- UACh, 2012 \ Dirección: José Luis Zaragoza Ramírez; asesoría: Alfonso Hernández Garay y Sergio Iban Mendoza Pedroza
650 _aAltura
_9145500
650 _aMedicago sativa
_9145114
650 _aRendimiento
_9143245
650 _aVariedades
_9118144
700 _a Hernández Garay, Alfonso, asesor
_9144186
700 _a Mendoza Pedroza, Sergio Iban, asesor
_9139069
700 _aZaragoza Ramírez, José Luis, director
_9143310
856 4 2 _uhttp://10.13.5.2/tesis/115106.pdf
_yDescargar PDF
901 _aTESIS T67 2363
902 _aA
910 _a2012
942 _c2
_2ddc
942 _c2
_2ddc
999 _c169928
_d169928